Неорганическая химия: учебник для бакалавров

Dades bibliogràfiques
Autor principal: Князев Д. А. Дмитрий Анатольевич
Altres autors: Смарыгин С. Н. Сергей Николаевич
Sumari:Учебник состоит из двух частей: «Теоретические основы» и «Химия элементов». В первой части изложены основы общей химии с элементами физико-химических сведений. Во второй части рассмотрены свойства простых веществ и соединений химических элементов по группам периодической системы Д. И. Менделеева, начиная с водорода и щелочных металлов. Материал учебника имеет нетрадиционную структуру, что позволяет создать в сознании студентов необходимую систему химических знаний, ориентированную на их будущую специальность. После каждой главы приведены контрольные вопросы. Для студентов вузов, обучающихся по агрономическим направлениям подготовки бакалавров и магистров и агрономическим направлениям подготовки дипломированных специалистов. Может быть использован студентами других сельскохозяйственных и технологических специальностей.
Idioma:rus
Publicat: Москва, Юрайт, 2012
Edició:4-е изд.
Col·lecció:Бакалавр. Базовый курс
Matèries:
Format: MixedMaterials Llibre
KOHA link:https://koha.lib.tpu.ru/cgi-bin/koha/opac-detail.pl?biblionumber=233953

MARC

LEADER 00000nam0a2200000 4500
001 233953
005 20231101231301.0
010 |a 9785991619042 
035 |a (RuTPU)RU\TPU\book\255037 
035 |a RU\TPU\book\203297 
090 |a 233953 
100 |a 20101115d2012 m y0rusy50 ca 
101 0 |a rus 
102 |a RU 
105 |a a j 001zy 
200 1 |a Неорганическая химия  |e учебник для бакалавров  |f Д. А. Князев, С. Н. Смарыгин 
205 |a 4-е изд. 
210 |a Москва  |c Юрайт  |d 2012 
215 |a 592 с.  |c ил. 
225 1 |a Бакалавр. Базовый курс 
320 |a Библиогр.: с. 582. 
320 |a Предметный указатель: с. 583-587. 
330 |a Учебник состоит из двух частей: «Теоретические основы» и «Химия элементов». В первой части изложены основы общей химии с элементами физико-химических сведений. Во второй части рассмотрены свойства простых веществ и соединений химических элементов по группам периодической системы Д. И. Менделеева, начиная с водорода и щелочных металлов. Материал учебника имеет нетрадиционную структуру, что позволяет создать в сознании студентов необходимую систему химических знаний, ориентированную на их будущую специальность. После каждой главы приведены контрольные вопросы. Для студентов вузов, обучающихся по агрономическим направлениям подготовки бакалавров и магистров и агрономическим направлениям подготовки дипломированных специалистов. Может быть использован студентами других сельскохозяйственных и технологических специальностей. 
606 1 |a Неорганическая химия  |2 stltpush  |3 (RuTPU)RU\TPU\subj\67586  |9 83311 
610 1 |a сельское хозяйство 
610 1 |a стехиометрия 
610 1 |a химическая кинетика 
610 1 |a химические реакции 
610 1 |a энергетика 
610 1 |a растворы 
610 1 |a электролиты 
610 1 |a атомы 
610 1 |a строение 
610 1 |a периодический закон 
610 1 |a химическая связь 
610 1 |a окислительно-восстановительные реакции 
610 1 |a комплексные соединения 
610 1 |a химические элементы 
610 1 |a учебники 
675 |a 546(075.8)  |v 3 
700 1 |a Князев  |b Д. А.  |g Дмитрий Анатольевич 
701 1 |a Смарыгин  |b С. Н.  |g Сергей Николаевич 
801 1 |a RU  |b 63413507  |c 20130314 
801 2 |a RU  |b 63413507  |c 20140729  |g RCR 
900 |a Неорганическая химия 
942 |c BK 
952 |b 110400  |l 8.1  |l 8.3 
959 |a 45/20130225  |d 5  |e 749,00  |f ЧЗТЛ:1  |f АНЛ:1  |f УФ:3